| 000 | 00712nam a22002417i 4500 | ||
|---|---|---|---|
| 999 |
_c8218 _d8218 |
||
| 003 | URS | ||
| 005 | 20220114153151.0 | ||
| 008 | 170616b xxu||||| |||| 00| 0 eng d | ||
| 020 | _a971852304 | ||
| 040 |
_erda _cURSP-College Library _beng |
||
| 082 |
_a005.369 _bAn2 2002 |
||
| 100 | 1 | _aAndes Sr.,Antonio M. | |
| 245 |
_aSimple Excel XP _cAntonio M. Andes Sr. |
||
| 264 | 1 |
_aValenzuela City _bAndes Mountain Printers _c2002. |
|
| 300 |
_avi, M30P. _c22cm. |
||
| 336 |
_atext _btxt _2rdacontent |
||
| 337 |
_aunmediated _bn _2rdamedia |
||
| 338 |
_avolume _bnc _2rdacarrier |
||
| 500 | _aIncludes index | ||
| 650 | 0 | _aMicrosoft Excel (Computer Program) | |
| 650 | 0 | _aBusiness--Computer Programs | |
| 942 |
_2lcc _cF |
||